Greek gods - Statistics

General Stats
  • This quiz has been taken 157 times
  • The average score is 9 of 12
Answer Stats
Hint Answer % Correct
King of the gods Zeus
98%
King of the sea Poseidon
94%
God of war Ares
90%
Goddes of love Aphrodite
85%
Queen of the gods Hera
83%
Goddes of wisdom Athena
80%
God of light Apollo
72%
God of wine Dionysus
67%
Goddes of harvest Demeter
65%
Goddes of nature Artemis
55%
God of fire Hephaestus
51%
God of boundaries Hermes
40%
No matching quizzes found
Score Distribution
Percent of People with Each Score
Percentile by Number Answered
Your Score History
You have not taken this quiz